La rebelión protestante (Record no. 50056)

MARC details
000 -LEADER
campo de control de longitud fija 00828nam a2200229 i 4500
001 - NÚMERO DE CONTROL
campo de control 50056
003 - IDENTIFICADOR DE NÚMERO DE CONTROL
campo de control ES-MaACL
005 - FECHA Y HORA DE LA ÚLTIMA TRANSACCIÓN
campo de control 20250901062527.0
007 - CAMPO FIJO DE DESCRIPCIÓN FÍSICA--INFORMACIÓN GENERAL
campo de control de longitud fija t|
008 - DATOS DE LONGITUD FIJA--INFORMACIÓN GENERAL
campo de control de longitud fija 030729s1963 an ||||1| spa d
100 1# - ENTRADA PRINCIPAL--NOMBRE DE PERSONA
Nombre de persona Cristiani, León.
9 (RLIN) 41629
245 13 - MENCIÓN DEL TÍTULO
Título La rebelión protestante
Resto del título : (la Iglesia desde el año 1450 al 1623) /
Mención de responsabilidad, etc. León Cristiani ; [versión española de Angel Izcue].
260 ## - PUBLICACIÓN, DISTRIBUCIÓN, ETC.
Lugar de publicación, distribución, etc. Andorra :
Nombre del editor, distribuidor, etc. Casal i Vall,
Fecha de publicación, distribución, etc. [1963]
300 ## - DESCRIPCIÓN FÍSICA
Extensión 154 p. ;
Dimensiones 20 cm.
490 1# - MENCIÓN DE SERIE
Mención de serie Yo sé, yo creo : enciclopedia del católico en el siglo XX ;
Designación de volumen o secuencia 76
650 07 - PUNTO DE ACCESO ADICIONAL DE MATERIA--TÉRMINO DE MATERIA
Término de materia o nombre geográfico como elemento de entrada Reforma
Fuente del encabezamiento o término embne
9 (RLIN) 16717
650 04 - PUNTO DE ACCESO ADICIONAL DE MATERIA--TÉRMINO DE MATERIA
Término de materia o nombre geográfico como elemento de entrada Contrarreforma.
9 (RLIN) 11322
700 1# - ENTRADA AGREGADA--NOMBRE PERSONAL
Nombre de persona Izcue, Angel.
9 (RLIN) 65689
830 00 - PUNTO DE ACCESO ADICIONAL DE SERIE-TÍTULO UNIFORME
Título uniforme Yo sé, yo creo: enciclopedia del católico del siglo XX
Designación de volumen o secuencia 76
9 (RLIN) 186579
852 ## - LOCALIZACIÓN
Ubicación ES-MaACL
Número de control de estantería C-25089
Sublocalización o colección R.53213
Holdings
Estatus retirado Estado de pérdida Estado de daño No para préstamo Biblioteca de origen Biblioteca actual Ubicación en estantería Fecha de adquisición Fuente de adquisición Total de préstamos Signatura topográfica completa Código de barras Visto por última vez Precio de reemplazo Tipo de ítem Koha
        Biblioteca del Ateneo de Madrid Biblioteca del Ateneo de Madrid Depósito 2 17/01/2008     C-25089 1052659 23/02/2023 23/02/2023 Libro impreso